| 000 | 00000nam 2200000zi 4500 |
| 001 | 9.931022 |
| 003 | CaOODSP |
| 005 | 20231215153039 |
| 006 | m o d f |
| 007 | cr cn||||||||| |
| 008 | 231130e20230321onca ob f000 0 eng d |
| 020 | |a9780660691282|q(report) |
| 020 | |a9780660691299|q(summary) |
| 040 | |aCaOODSP|beng|erda|cCaOODSP |
| 043 | |an-cn--- |
| 086 | 1 |aFs23-728/1-2023E-PDF |
| 086 | 1 |aFs23-728/2-2023E-PDF |
| 245 | 00|aHorizontal evaluation of funding dedicated to whales : |bfinal report. |
| 264 | 1|a[Ottawa] : |bFisheries and Oceans Canada = Pêches et océans Canada,|cMarch 21, 2023. |
| 264 | 4|c©2023 |
| 300 | |a1 online resource (53 pages) : |billustrations, photographs + |esummary (3 unnumbered pages) |
| 336 | |atext|btxt|2rdacontent |
| 337 | |acomputer|bc|2rdamedia |
| 338 | |aonline resource|bcr|2rdacarrier |
| 500 | |aIssued also in French under title: Évaluation horizontale du financement dédié aux baleines : rapport final. |
| 504 | |aIncludes bibliographical references. |
| 650 | 0|aWhales|xConservation|zCanada|xEvaluation. |
| 710 | 1 |aCanada. |bDepartment of Fisheries and Oceans, |eissuing body. |
| 775 | 08|tÉvaluation horizontale du financement dédié aux baleines : |w(CaOODSP)9.931024 |
| 856 | 40|qPDF|s2.54 MB|uhttps://publications.gc.ca/collections/collection_2023/mpo-dfo/Fs23-728-1-2023-eng.pdf|z(final report) |
| 856 | 40|qPDF|s323 KB|uhttps://publications.gc.ca/collections/collection_2023/mpo-dfo/Fs23-728-2-2023-eng.pdf|z(summary) |